Statistics for Match the airport with the metropolis

Click here to take the quiz!

General Stats

  • This quiz has been taken 57 times
  • The average score is 10 of 15

Answer Stats

Airport nameNearest Metropolis% Correct
SheremetyevoMoscow
92%
FiumicinoRome
89%
IncheonSeoul
87%
SchipholAmsterdam
85%
MalpensaMilan
79%
GuarulhosSão Paulo
68%
GaleãoRio de Janeiro
66%
SuvarnabhumiBangkok
64%
O.R. TamboJohannesburg
62%
PortelaLisbon
60%
KeflavikReykjavik
57%
OtopeniBucharest
43%
EzeizaBuenos Aires
43%
KastrupCopenhagen
42%
CaselleTurin
21%

Score Distribution

Percentile by Number Answered

Percent of People with Each Score

Your Score History

You have not taken this quiz